Innovatrics prišiel domov

Založenie firmy Innovatrics. Využitie biometrickej technológie. Začiatok podnikania. Uplatnenie v rozvojových krajinách. Technologický inkubátor STU. Získavanie zamestnancov do inkubátorových firiem.

Guardado en:
Detalles Bibliográficos
Autor principal: Marčan, Peter
Formato: Capítulo de libro
Lenguaje:eslovaco
Materias:
Etiquetas: Agregar Etiqueta
Sin Etiquetas, Sea el primero en etiquetar este registro!

MARC

LEADER 00000naa$a2200000$$$4500
001 0056146
005 20231009073131.7
041 0 |a slo 
044 |a SK 
245 1 0 |a Innovatrics prišiel domov  |c Peter Marčan 
520 |a Založenie firmy Innovatrics. Využitie biometrickej technológie. Začiatok podnikania. Uplatnenie v rozvojových krajinách. Technologický inkubátor STU. Získavanie zamestnancov do inkubátorových firiem. 
610 2 0 |a technológia 
610 2 0 |a podnikanie nadnárodné 
610 2 0 |a zamestnanci 
610 2 0 |a zákazky 
610 2 0 |a Slovensko 
100 1 |a Marčan, Peter